Lataa...
Onion newsletter for the tropics
| Aineistotyyppi: | Report |
|---|---|
| Julkaistu: |
United kingdom
National resources institute
|
| LEADER | 00405nam a22001337a 4500 | ||
|---|---|---|---|
| 003 | OSt | ||
| 082 | |b NRI/ON | ||
| 245 | |a Onion newsletter for the tropics | ||
| 260 | |a United kingdom |b National resources institute | ||
| 300 | |a 72p. | ||
| 546 | |a English | ||
| 942 | |2 ddc |c REP | ||
| 999 | |c 162250 |d 162250 | ||
| 952 | |0 0 |1 0 |2 ddc |4 0 |6 NRION |7 0 |9 161265 |a KAUCLV |b KAUCLV |c REPORTS |d 2018-10-29 |o NRI/ON |p 809948 |r 2018-10-29 |w 2018-10-29 |y REP | ||